Normal view
MARC view
Entry Corporate Name
001 - CONTROL NUMBER
- control field: 24979
003 - CONTROL NUMBER IDENTIFIER
- control field: ARRUPE
005 - DATE AND TIME OF LATEST TRANSACTION
- control field: 20160812114939.0
008 - FIXED-LENGTH DATA ELEMENTS
- fixed length control field: 160812|| aca||aabn | a|a d
040 ## - CATALOGING SOURCE
- Original cataloging agency: ARRUPE
- Transcribing agency: ARRUPE
110 ## - HEADING--CORPORATE NAME
- Corporate name or jurisdiction name as entry element: Liturgy
670 ## - SOURCE DATA FOUND
- Source citation: Work cat.: (ARRUPE)0: Baker, Tom George Adames 1920- 24978, Questioning worship , 1977.